Buteurs du PSG sous l'ère Mauricio Pochettino - Statistiques

Statistiques générales
  • Ce quiz a été pris 51 fois
    50 depuis la dernière actualisation
  • Le résultat moyen est 17 sur 20
Statistiques - réponses
BUT(S) NATIONALITÉ POSTE JOUEUR % Correct
67 France ATT Kylian Mbappé
100%
21 Brésil ATT Neymar Jr
100%
7 Argentine ATT Ángel Di María
96%
4 Sénégal MIL Idrissa Gueye
96%
11 Argentine ATT Lionel Messi
96%
16 Argentine ATT Mauro Icardi
96%
2 Italie MIL Marco Verratti
94%
4 Maroc DEF Achraf Hakimi
91%
8 Brésil DEF Marquinhos
91%
2 France DEF Presnel Kimpembe
89%
4 Allemagne MIL Julian Draxler
87%
8 Italie ATT Moise Kean
87%
6 Espagne ATT Pablo Sarabia
83%
2 Allemagne DEF Thilo Kehrer
83%
7 Portugal MIL Danilo Pereira
81%
3 Pays-Bas MIL Georginio Wijnaldum
81%
2 Argentine MIL Leandro Paredes
79%
4 Espagne MIL Ander Herrera
72%
2 Espagne DEF Sergio Ramos
70%
1 France DEF Layvin Kurzawa
49%
Aucun quiz correspondant
Distribution des résultats
% des personnes avec chaque résultat
Percentile par nombre de réponses
Votre historique - résultats
Vous n’avez pas pris ce quiz depuis la dernière actualisation